Nuestros clásicos (Record no. 9158)

MARC details
000 -LEADER
campo de control de longitud fija 00652nam a2200193 i 4500
001 - NÚMERO DE CONTROL
campo de control 9158
003 - IDENTIFICADOR DE NÚMERO DE CONTROL
campo de control ES-MaACL
005 - FECHA Y HORA DE LA ÚLTIMA TRANSACCIÓN
campo de control 20230906145622.0
007 - CAMPO FIJO DE DESCRIPCIÓN FÍSICA--INFORMACIÓN GENERAL
campo de control de longitud fija t|
008 - DATOS DE LONGITUD FIJA--INFORMACIÓN GENERAL
campo de control de longitud fija 930520s1985 uy |||| | spa d
080 ## - NÚMERO DE LA CLASIFICACIÓN DECIMAL UNIVERSAL
Número de la Clasificación Decimal Universal 86.0(899).09"18/19"
100 1# - ENTRADA PRINCIPAL--NOMBRE DE PERSONA
Nombre de persona Seluja Cecín, Antonio.
9 (RLIN) 105348
245 10 - MENCIÓN DEL TÍTULO
Título Nuestros clásicos
Resto del título : de Bartolomé Hidalgo a Ernesto Herrera /
Mención de responsabilidad, etc. Antonio Seluja Cecín.
260 ## - PUBLICACIÓN, DISTRIBUCIÓN, ETC.
Lugar de publicación, distribución, etc. Montevideo :
Nombre del editor, distribuidor, etc. [s.n.],
Fecha de publicación, distribución, etc. 1985 (
Fabricante Matonte)
300 ## - DESCRIPCIÓN FÍSICA
Extensión 202 p. ;
Dimensiones 21 cm.
500 ## - NOTA GENERAL
Nota general Bibliografía: p. 193-202.
650 14 - PUNTO DE ACCESO ADICIONAL DE MATERIA--TÉRMINO DE MATERIA
Término de materia o nombre geográfico como elemento de entrada Literatura uruguaya-
Subdivisión general Historia y crítica.
9 (RLIN) 14669
852 ## - LOCALIZACIÓN
Ubicación ES-MaACL
Número de control de estantería L-16586
Nota libre . - Dedicatoria autógrafa del autor
Holdings
Estatus retirado Estado de pérdida Estado de daño No para préstamo Biblioteca de origen Biblioteca actual Ubicación en estantería Fecha de adquisición Fuente de adquisición Total de préstamos Signatura topográfica completa Código de barras Visto por última vez Precio de reemplazo Tipo de ítem Koha
        Biblioteca del Ateneo de Madrid Biblioteca del Ateneo de Madrid Depósito 2 17/01/2008     L-16586 1009347 23/02/2023 23/02/2023 Libro impreso